[Event "Santiago Ladies 3rd"]
[Site "Santiago de Chile"]
[Date "2019.08.11"]
[Round "4.2"]
[White "Wilson Barria, Millaray"]
[Black "Romero Troncoso, Liset Anais"]
[Result "0-1"]
[WhiteElo "1349"]
[BlackElo "1657"]
[PlyCount "102"]
[EventDate "2019.08.10"]
[EventType "swiss"]
[EventRounds "6"]
[EventCountry "CHI"]
[SourceTitle "EXT 2024"]
[Source "ChessBase"]
[SourceDate "2023.10.10"]
[SourceVersion "1"]
[SourceVersionDate "2023.10.10"]
[SourceQuality "1"]

1. e4 e5 2. Nf3 Nf6 3. Nxe5 d6 4. Nf3 Nxe4 5. Bd3 Nc5 6. Be2 d5 7. d4 Ne4 8. Bf4 Be7 9. Nbd2 0-0 10. Bd3 Bf5 11. h3 Nc6 12. a3 Nxd2 13. Qxd2 Bxd3 14. Qxd3 Bf6 15. 0-0 Re8 16. Rfe1 Qd7 17. c3 Na5 18. Ne5 Bxe5 19. dxe5 c6 20. Re3 Nc4 21. Re2 b5 22. b3 Nb6 23. Rd1 Qe7 24. Bc1 a5 25. f4 a4 26. Be3 Qb7 27. Qd4 Ra6 28. b4 Nc4 29. Bc1 Qa7 30. Ree1 Qxd4+ 31. Rxd4 Ra7 32. Red1 Rae7 33. R4d3 f6 34. Re1 fxe5 35. fxe5 Rxe5 36. Rxe5 Rxe5 37. Kf2 Rf5+ 38. Rf3 Rxf3+ 39. Kxf3 Kf7 40. Kg4 Kf6 41. Kf4 h5 42. h4 Ne5 43. Be3 Nd3+ 44. Kf3 Kf5 45. Bd2 Ne5+ 46. Kf2 Kg4 47. g3 Kf5 48. Ke3 Nc4+ 49. Ke2 Nxa3 50. Bf4 Nc4 51. Kd3 a3 0-1

[Event "CHI-ch sf"]
[Site "Vina del Mar"]
[Date "2018.12.29"]
[Round "2.2"]
[White "Flores Knistoff, Dennis Esteban"]
[Black "Wilson Barria, Millaray"]
[Result "0-1"]
[WhiteElo "1551"]
[BlackElo "1320"]
[PlyCount "66"]
[EventDate "2018.12.29"]
[EventType "swiss"]
[EventRounds "5"]
[EventCountry "CHI"]
[SourceTitle "EXT 2024"]
[Source "ChessBase"]
[SourceDate "2023.10.10"]
[SourceVersion "1"]
[SourceVersionDate "2023.10.10"]
[SourceQuality "1"]

1. d4 Nf6 2. Nf3 e6 3. g3 d5 4. c4 c6 5. Bg2 Bd6 6. Nc3 Nbd7 7. Bg5 0-0 8. 0-0 b6 9. cxd5 cxd5 10. Rc1 Ba6 11. Re1 h6 12. Bxf6 Nxf6 13. Qa4 Bb7 14. Nd2 Qe8 15. Qb3 Rc8 16. Nb5 Bb8 17. Qa3 Qd7 18. Nxa7 Rc7 19. b3 Ba8 20. Rxc7 Bxc7 21. Qa6 Rb8 22. Nb5 Bb7 23. Qa4 Bc6 24. Qa7 Bxb5 25. Rc1 Bd6 26. Qxd7 Bxd7 27. e4 dxe4 28. Nc4 Bf8 29. Ne5 Rc8 30. Re1 Bb5 31. Bxe4 Nxe4 32. Rxe4 f6 33. Ng6 Rc1+ 0-1

[Event "CHI-ch (Women)"]
[Site "Santiago de Chile"]
[Date "2017.01.04"]
[Round "3"]
[White "Wilson Barria, Millaray"]
[Black "Sanchez Tobar, Francisca Valentina"]
[Result "0-1"]
[WhiteElo "1201"]
[BlackElo "1580"]
[PlyCount "106"]
[EventDate "2017.01.03"]
[EventType "swiss"]
[EventRounds "9"]
[EventCountry "CHI"]
[SourceTitle "CBM 176 Extra"]
[Source "ChessBase"]
[SourceDate "2017.03.02"]
[SourceVersion "1"]
[SourceVersionDate "2017.03.02"]
[SourceQuality "1"]

1. e4 e5 2. Nf3 Nc6 3. Bc4 Be7 4. Nc3 Nf6 5. d3 d6 6. h3 Be6 7. Bb3 h6 8. Be3 a6 9. Nd5 Qd7 10. Qd2 0-0-0 11. 0-0-0 Rhe8 12. Kb1 Kb8 13. Nh2 Ng8 14. f3 Bf8 15. g4 Nge7 16. c4 Nd4 17. Bxd4 exd4 18. Qb4 c5 19. Qa5 Bxd5 20. cxd5 Qc7 21. Qxc7+ Kxc7 22. Rc1 Ng6 23. a4 Nf4 24. Bc4 Nxh3 25. b4 Rc8 26. Rc2 Nf4 27. Rhc1 Kd7 28. bxc5 Rxc5 29. Nf1 Rb8 30. Rb2 b5 31. axb5 axb5 32. Ba2 Rxc1+ 33. Kxc1 Nxd3+ 34. Kc2 Nxb2 35. Kxb2 g5 36. Bb1 Bg7 37. Bd3 Ke7 38. Ng3 Rb6 39. Kb3 b4 40. Bc4 d3 41. Bxd3 Bc3 42. Nf5+ Kf6 43. Nxh6 Rb8 44. Nf5 Ke5 45. Ka4 b3 46. Ka3 b2 47. Ka2 f6 48. Bb1 Rb6 49. Ka3 Kf4 50. Ne7 Be5 51. Ng6+ Kxf3 52. Nxe5+ fxe5 53. Ka2 Kxg4 0-1